000 00515nam a22001817a 4500
003 CEME
005 20210628205113.0
008 210128b xxu||||| |||| 00| 0 eng d
020 _a81-7808-108-3
040 _c.
082 _a006.3 FRE
100 _aFreeman, James A:Skapura, David M
_962799
245 _aNeural networks;algorithms, applications, and progromming techniques
260 _aINDIA
_bPEARSON EDUCATION ASIA
_c2003
300 _aXIII,401P
650 _aNEURAL NETWORKS
_958055
942 _cBK
_2ddc
999 _c579525
_d579525